00260nam a2200097Ia 4500008004100000020001800041100002600059245003700085260002700122300001300149171211s9999 xx 000 0 und d a9789719804420 aPalmares,Aaron Jan S. aDiagnostic Microbiology Workbook bC & E Publishingc2016 a81 pages